[Event "Wasselonne op 25th"]
[Site "Wasselonne"]
[Date "2023.08.05"]
[Round "5"]
[White "Nassr, Ahmed"]
[Black "Lerch, Patrice"]
[Result "0-1"]
[WhiteElo "2071"]
[BlackElo "2339"]
[PlyCount "70"]
[EventDate "2023.08.03"]
[EventType "swiss"]
[EventRounds "7"]
[EventCountry "FRA"]
[SourceTitle "CBM 215 Extra"]
[Source "ChessBase"]
[SourceDate "2023.09.30"]
[SourceVersion "1"]
[SourceVersionDate "2023.09.30"]
[SourceQuality "1"]

1. d4 Nf6 2. Nf3 e6 3. Bf4 c5 4. e3 cxd4 5. exd4 b6 6. Bd3 Bb7 7. h3 Be7 8. Nbd2 d6 9. 0-0 0-0 10. c3 Nbd7 11. a4 a6 12. Qe2 Re8 13. Bh2 Bf8 14. Nc4 Qc7 15. Ne3 Qc8 16. Rfe1 g6 17. h4 Qc6 18. a5 e5 19. Bc2 b5 20. Bb3 e4 21. Ng5 d5 22. Nh3 Rad8 23. Nf4 Nb8 24. g4 Bd6 25. Nfg2 Nbd7 26. Bg3 Qc7 27. Kh2 Nf8 28. g5 Nh5 29. Nf5 gxf5 30. Qxh5 f4 31. Rf1 fxg3+ 32. fxg3 Bxg3+ 33. Kh1 e3 34. Rf3 e2 35. Ne3 Bc8 0-1

[Event "Wasselonne op 25th"]
[Site "Wasselonne"]
[Date "2023.08.04"]
[Round "3"]
[White "Pucher, Sebastien"]
[Black "Nassr, Ahmed"]
[Result "0-1"]
[WhiteElo "2298"]
[BlackElo "2071"]
[PlyCount "116"]
[EventDate "2023.08.03"]
[EventType "swiss"]
[EventRounds "7"]
[EventCountry "FRA"]
[SourceTitle "CBM 215 Extra"]
[Source "ChessBase"]
[SourceDate "2023.09.30"]
[SourceVersion "1"]
[SourceVersionDate "2023.09.30"]
[SourceQuality "1"]

1. c4 e5 2. Nc3 Nc6 3. g3 g6 4. Bg2 Bg7 5. e3 Nge7 6. Nge2 d6 7. d4 exd4 8. exd4 Nf5 9. d5 Ne5 10. b3 0-0 11. Bb2 h5 12. h3 Re8 13. 0-0 a6 14. Qc2 Rb8 15. a4 Ne7 16. Qd2 Bxh3 17. Ne4 Bxg2 18. Kxg2 Nf5 19. Bxe5 Rxe5 20. Qd3 Qf8 21. N2c3 Rbe8 22. Ra2 R5e7 23. b4 Be5 24. c5 Qg7 25. a5 Nxg3 26. fxg3 Bxc3 27. cxd6 cxd6 28. Nxd6 Rd8 29. Ne4 Be5 30. d6 Red7 31. Qc4 Kh8 32. Raf2 f5 33. Nc5 Rxd6 34. Re2 Rc6 35. Rfe1 Bf6 36. Re8+ Kh7 37. Rxd8 Bxd8 38. Qd5 Be7 39. Nd3 Rc7 40. Re2 Bf8 41. Ne5 Bxb4 42. Nf3 Be7 43. Re6 Bf6 44. Qd6 Rc6 45. Qd5 Qf7 46. Rd6 Qxd5 47. Rxd5 Rc2+ 48. Kf1 Rb2 49. Nd2 Rb5 50. Rd7+ Kh6 51. Nc4 h4 52. gxh4 Bxh4 53. Nd6 Rxa5 54. Rxb7 Rd5 55. Rb6 a5 56. Ra6 Kh5 57. Ke2 Re5+ 58. Kf3 Re6 0-1

[Event "Paris Universities-ch"]
[Site "Paris"]
[Date "2019.02.02"]
[Round "2"]
[White "Nassr, Ahmed"]
[Black "Graca, Robert"]
[Result "1/2-1/2"]
[WhiteElo "2012"]
[BlackElo "2270"]
[PlyCount "113"]
[EventDate "2019.02.01"]
[EventType "swiss"]
[EventRounds "9"]
[EventCountry "FRA"]
[SourceTitle "CBM 188 Extra"]
[Source "ChessBase"]
[SourceDate "2019.02.26"]
[SourceVersion "1"]
[SourceVersionDate "2019.02.26"]
[SourceQuality "1"]

1. d4 Nf6 2. Bf4 c5 3. e3 g6 4. c3 Bg7 5. h3 0-0 6. Nd2 d6 7. Ngf3 Nc6 8. Be2 Be6 9. 0-0 Qc8 10. Re1 Rd8 11. a3 a6 12. Rc1 Ra7 13. Bh2 b5 14. e4 cxd4 15. cxd4 d5 16. Ne5 Rc7 17. Qc2 Rd6 18. Ng4 Nxg4 19. Bxd6 exd6 20. hxg4 Bxd4 21. exd5 Bxd5 22. Bf3 Bxf3 23. Nxf3 Bb6 24. Qe4 Qb7 25. Red1 Na5 26. Qxb7 Rxb7 27. Rc8+ Kg7 28. Rxd6 Nc4 29. Rd1 Nxb2 30. Re1 Nd3 31. Ree8 h6 32. Re2 Nf4 33. Rec2 a5 34. g3 Nd3 35. R8c3 Nxf2 36. Rxf2 b4 37. Rb3 bxa3 38. Kg2 Bxf2 39. Rxa3 Rb2 40. Kh3 Bc5 41. Rxa5 Be7 42. Ra7 Bf6 43. Ra5 Rf2 44. Ra3 Be7 45. Rd3 Kf6 46. Nh4 Ra2 47. Ng2 Bc5 48. Nf4 Bg1 49. Ng2 Ra1 50. Rf3+ Kg7 51. Rd3 Ba7 52. Nf4 Bb8 53. Rb3 Bxf4 54. gxf4 Ra4 55. Kg3 Ra1 56. Kg2 Ra5 57. Kg3 1/2-1/2

[Event "ALG-ch"]
[Site "Oran"]
[Date "2018.07.17"]
[Round "6"]
[White "Nassr, Ahmed"]
[Black "Idjeri, Yanis"]
[Result "1/2-1/2"]
[WhiteElo "2051"]
[BlackElo "1887"]
[PlyCount "110"]
[EventDate "2018.07.12"]
[EventType "tourn"]
[EventRounds "7"]
[EventCountry "ALG"]
[SourceTitle "EXT 2019"]
[Source "ChessBase"]
[SourceDate "2018.10.10"]
[SourceVersion "1"]
[SourceVersionDate "2018.10.10"]
[SourceQuality "1"]

1. d4 Nf6 2. c4 g6 3. Nc3 Bg7 4. e4 d6 5. Nge2 h5 6. h3 Nbd7 7. Ng3 c5 8. d5 Qa5 9. Bd2 a6 10. Bd3 Ne5 11. Be2 Qc7 12. a4 Rb8 13. 0-0 h4 14. Nh1 Nh5 15. f4 Nd7 16. Be3 Qb6 17. Qd2 Bf6 18. Rfb1 Bd4 19. Kh2 Bf6 20. b4 Qc7 21. b5 Qa5 22. Ra3 Ra8 23. Nd1 Qxd2 24. Bxd2 Bd4 25. b6 Ndf6 26. Bf3 Rb8 27. Nc3 Nd7 28. Ne2 Bf6 29. a5 Nf8 30. Bc3 Nd7 31. Bxf6 exf6 32. Re3 g5 33. Bg4 gxf4 34. Bxd7+ Bxd7 35. Rf3 f5 36. exf5 Bxf5 37. Re1 Kd7 38. Nxf4 Nxf4 39. Rxf4 Bg6 40. Nf2 Rbe8 41. Rxe8 Rxe8 42. Rxh4 Re2 43. Kg3 Ra2 44. Rh8 Rxa5 45. Rb8 Ra3+ 46. Kf4 Rb3 47. Rxb7+ Kc8 48. Rc7+ Kb8 49. Rc6 a5 50. Rxd6 Kb7 51. Rc6 a4 52. Rxc5 Kxb6 53. Rc8 Kb7 54. Rc5 Kb6 55. Rc8 Kb7 1/2-1/2

[Event "Africa-ch U20"]
[Site "Lome"]
[Date "2017.12.26"]
[Round "6"]
[White "Nassr, Ahmed"]
[Black "Silva, David Miguel Da"]
[Result "1/2-1/2"]
[WhiteElo "2037"]
[BlackElo "2257"]
[PlyCount "35"]
[EventDate "2017.12.22"]
[EventType "swiss"]
[EventRounds "9"]
[EventCountry "TOG"]
[SourceTitle "EXT 2019"]
[Source "ChessBase"]
[SourceDate "2018.10.10"]
[SourceVersion "1"]
[SourceVersionDate "2018.10.10"]
[SourceQuality "1"]

1. d4 Nf6 2. Bf4 e6 3. e3 c5 4. c3 Nc6 5. Nd2 d5 6. Ngf3 Bd6 7. Bg3 0-0 8. Bd3 b6 9. Ne5 Bb7 10. f4 Ne7 11. Qf3 Nf5 12. Bf2 Be7 13. Ng4 Nd7 14. Qh3 Qc8 15. Qf3 Nf6 16. Qh3 Nd7 17. Qf3 Nf6 18. Qh3 1/2-1/2

[Event "Africa-ch U18"]
[Site "Cairo"]
[Date "2017.12.09"]
[Round "9.4"]
[White "Nassr, Ahmed"]
[Black "Yasser, Abdel Rahman"]
[Result "1-0"]
[WhiteElo "2037"]
[BlackElo "1608"]
[PlyCount "51"]
[EventDate "2017.12.03"]
[EventType "swiss"]
[EventRounds "9"]
[EventCountry "EGY"]
[SourceTitle "EXT 2024"]
[Source "ChessBase"]
[SourceDate "2023.10.10"]
[SourceVersion "1"]
[SourceVersionDate "2023.10.10"]
[SourceQuality "1"]

1. d4 Nf6 2. Bf4 d5 3. e3 g6 4. Nf3 Bg7 5. h3 0-0 6. Nbd2 c5 7. c3 b6 8. Bd3 Bb7 9. 0-0 Nbd7 10. a4 Ne4 11. a5 f6 12. a6 Bc6 13. Nxe4 dxe4 14. Bc4+ Kh8 15. Nd2 e5 16. d5 exf4 17. dxc6 Ne5 18. exf4 Nxc4 19. Nxc4 Qc7 20. Qd6 Qf7 21. c7 Qxc4 22. Rfd1 Qf7 23. Qc6 Qe8 24. Rd7 Rf7 25. Qxa8 Qxa8 26. Rd8+ 1-0

[Event "Africa-ch U18"]
[Site "Cairo"]
[Date "2017.12.06"]
[Round "6.1"]
[White "Fawzy, Adham"]
[Black "Nassr, Ahmed"]
[Result "1/2-1/2"]
[WhiteElo "2434"]
[BlackElo "2037"]
[PlyCount "89"]
[EventDate "2017.12.03"]
[EventType "swiss"]
[EventRounds "9"]
[EventCountry "EGY"]
[SourceTitle "EXT 2024"]
[Source "ChessBase"]
[SourceDate "2023.10.10"]
[SourceVersion "1"]
[SourceVersionDate "2023.10.10"]
[SourceQuality "1"]

1. e4 c5 2. Nf3 e6 3. d4 cxd4 4. Nxd4 Nf6 5. Nc3 Nc6 6. Be3 Bb4 7. Bd3 d5 8. Nxc6 bxc6 9. exd5 cxd5 10. 0-0 0-0 11. Bd4 Qe7 12. Re1 Bc5 13. Nb5 Bd7 14. Bxc5 Qxc5 15. Nd4 Rab8 16. Rb1 Qc7 17. Qe2 Rfe8 18. Qe5 Qxe5 19. Rxe5 Ng4 20. Ree1 e5 21. Nb3 e4 22. Bf1 f5 23. Nd4 Rec8 24. Red1 Nf6 25. Rdc1 g6 26. c4 dxc4 27. Bxc4+ Kg7 28. b3 a5 29. a3 Ng4 30. Ba6 Rd8 31. Rc7 Kh6 32. h3 Nf6 33. Rbc1 a4 34. b4 Be8 35. Nc6 Bxc6 36. R1xc6 Nd5 37. Rf7 Nxb4 38. axb4 Rd1+ 39. Kh2 a3 40. Rcc7 a2 41. Rxh7+ Kg5 42. h4+ Kf4 43. Be2 Rh1+ 44. Kxh1 a1Q+ 45. Kh2 1/2-1/2

[Event "Africa-ch U20"]
[Site "Hammamet"]
[Date "2016.12.02"]
[Round "8"]
[White "Nassr, Ahmed"]
[Black "Hbacha, Achraf"]
[Result "1-0"]
[WhiteElo "2052"]
[BlackElo "2057"]
[PlyCount "60"]
[EventDate "2016.11.26"]
[EventType "swiss"]
[EventRounds "9"]
[EventCountry "TUN"]
[SourceTitle "EXT 2018"]
[Source "ChessBase"]
[SourceDate "2017.10.13"]
[SourceVersion "1"]
[SourceVersionDate "2017.10.13"]
[SourceQuality "1"]

1. d4 Nf6 2. Bf4 c5 3. e3 Qb6 4. Na3 Qxb2 5. Nb5 Nd5 6. a3 a6 7. Rb1 Qa2 8. Qc1 axb5 9. Ra1 Qxa1 10. Qxa1 Nxf4 11. exf4 b4 12. a4 cxd4 13. Bb5 Nc6 14. Nf3 d5 15. Qxd4 f6 16. Qxd5 Bd7 17. Nd4 Rd8 18. Nxc6 e6 19. Qb3 bxc6 20. Bxc6 Be7 21. Qxe6 Bxc6 22. Qxc6+ Kf7 23. Qc4+ Kg6 24. 0-0 Rhe8 25. g4 h6 26. Re1 Rc8 27. Qe6 Bd6 28. Qxe8+ Rxe8 29. Rxe8 Bxf4 30. a5 Bxh2+ 1-0

[Event "Africa-ch U20"]
[Site "Hammamet"]
[Date "2016.12.01"]
[Round "6"]
[White "Aguiar, Cristiano"]
[Black "Nassr, Ahmed"]
[Result "1-0"]
[WhiteElo "2205"]
[BlackElo "2052"]
[PlyCount "63"]
[EventDate "2016.11.26"]
[EventType "swiss"]
[EventRounds "9"]
[EventCountry "TUN"]
[SourceTitle "EXT 2018"]
[Source "ChessBase"]
[SourceDate "2017.10.13"]
[SourceVersion "1"]
[SourceVersionDate "2017.10.13"]
[SourceQuality "1"]

1. d4 Nf6 2. c4 e6 3. Nc3 d5 4. cxd5 exd5 5. Bg5 c6 6. Qc2 Be7 7. e3 Nbd7 8. Bd3 0-0 9. Nge2 Re8 10. f3 Nf8 11. 0-0-0 Be6 12. Bh4 Rc8 13. Kb1 b5 14. Nf4 h6 15. g4 b4 16. Na4 N6d7 17. Bxe7 Qxe7 18. g5 h5 19. Nxh5 c5 20. Ba6 b3 21. axb3 Rb8 22. dxc5 g6 23. Nf4 Bf5 24. Bd3 Qxe3 25. Nxd5 Qxf3 26. Bxf5 gxf5 27. c6 Re2 28. Qc3 Qe4+ 29. Ka2 Ne5 30. Nf6+ Kg7 31. Nxe4 Rxe4 32. c7 1-0

[Event "Africa-ch U20"]
[Site "Hammamet"]
[Date "2016.11.27"]
[Round "2"]
[White "Nassr, Ahmed"]
[Black "Nassr, Ali"]
[Result "0-1"]
[WhiteElo "2052"]
[BlackElo "2221"]
[PlyCount "46"]
[EventDate "2016.11.26"]
[EventType "swiss"]
[EventRounds "9"]
[EventCountry "TUN"]
[SourceTitle "EXT 2018"]
[Source "ChessBase"]
[SourceDate "2017.10.13"]
[SourceVersion "1"]
[SourceVersionDate "2017.10.13"]
[SourceQuality "1"]

1. e4 e6 2. d4 d5 3. Nd2 Nf6 4. e5 Nfd7 5. Bd3 c5 6. c3 Nc6 7. Ne2 cxd4 8. cxd4 f6 9. exf6 Nxf6 10. Nf3 Bd6 11. 0-0 Qc7 12. g3 0-0 13. Bf4 Ng4 14. a3 Bxf4 15. Nxf4 Rxf4 16. gxf4 Qxf4 17. Bb5 e5 18. dxe5 Ncxe5 19. Qxd5+ Be6 20. Qxe6+ Kh8 21. Qxe5 Nxe5 22. Nxe5 Qxe5 23. Bd3 Qg5+ 0-1

[Event "Africa-ch U18"]
[Site "Port Elizabeth"]
[Date "2016.08.27"]
[Round "8"]
[White "Nassr, Ahmed"]
[Black "Masiya, Mfundo"]
[Result "1-0"]
[WhiteElo "1973"]
[BlackElo "1290"]
[PlyCount "38"]
[EventDate "2016.08.22"]
[EventType "swiss"]
[EventRounds "9"]
[EventCountry "RSA"]
[SourceTitle "CBM 174 Extra"]
[Source "ChessBase"]
[SourceDate "2016.10.10"]
[SourceVersion "1"]
[SourceVersionDate "2016.10.10"]
[SourceQuality "1"]

1. d4 Nf6 2. c4 g6 3. Nc3 Bg7 4. e4 d6 5. Nge2 a6 6. Ng3 h5 7. h3 Nbd7 8. Bd3 c5 9. d5 h4 10. Nf1 Nh5 11. Nh2 Ne5 12. Be2 Bf6 13. 0-0 Bd7 14. a4 Qc8 15. Be3 Bxh3 16. gxh3 Qxh3 17. Bg4 Nxg4 18. Qxg4 Qxg4+ 19. Nxg4 Bg7 1-0

[Event "Africa-ch U18"]
[Site "Port Elizabeth"]
[Date "2016.08.27"]
[Round "7"]
[White "Nassr, Ahmed"]
[Black "Ouaret, Abdelouhab"]
[Result "1-0"]
[WhiteElo "1973"]
[BlackElo "2121"]
[PlyCount "36"]
[EventDate "2016.08.22"]
[EventType "swiss"]
[EventRounds "9"]
[EventCountry "RSA"]
[SourceTitle "CBM 174 Extra"]
[Source "ChessBase"]
[SourceDate "2016.10.10"]
[SourceVersion "1"]
[SourceVersionDate "2016.10.10"]
[SourceQuality "1"]

1. d4 d5 2. Bf4 Nf6 3. e3 e6 4. c4 c6 5. Nc3 Be7 6. Nf3 Nbd7 7. cxd5 cxd5 8. Rc1 0-0 9. h3 a6 10. Bd3 b5 11. a4 b4 12. Ne2 a5 13. Qc2 g6 14. Qc6 Qb6 15. Qxa8 Bb7 16. Bc7 Rxa8 17. Bxb6 Nxb6 18. 0-0 Nxa4 1-0

[Event "Africa-ch U18"]
[Site "Port Elizabeth"]
[Date "2016.08.22"]
[Round "1"]
[White "Sathya, Iyer"]
[Black "Nassr, Ahmed"]
[Result "0-1"]
[WhiteElo "1176"]
[BlackElo "1973"]
[PlyCount "86"]
[EventDate "2016.08.22"]
[EventType "swiss"]
[EventRounds "9"]
[EventCountry "RSA"]
[SourceTitle "CBM 174 Extra"]
[Source "ChessBase"]
[SourceDate "2016.10.10"]
[SourceVersion "1"]
[SourceVersionDate "2016.10.10"]
[SourceQuality "1"]

1. e4 c5 2. Nf3 e6 3. d4 cxd4 4. Nxd4 Nf6 5. e5 Qa5+ 6. Nc3 Qxe5+ 7. Be2 Nc6 8. Be3 Bb4 9. Qd3 Nd5 10. 0-0 Nxe3 11. fxe3 Bc5 12. Rad1 0-0 13. Kh1 d5 14. a3 Bd7 15. Rf3 g6 16. Nb3 Be7 17. e4 dxe4 18. Qxe4 Rad8 19. Rfd3 Qxe4 20. Nxe4 Ne5 21. R3d2 Bc6 22. Rxd8 Rxd8 23. Rxd8+ Bxd8 24. Ned2 Bb6 25. h3 a5 26. Nf3 Nxf3 27. Bxf3 e5 28. Bxc6 bxc6 29. Kh2 f5 30. g3 Kf7 31. Kg2 Ke6 32. c4 a4 33. c5 Ba7 34. Na5 Bxc5 35. Nxc6 Bd4 36. Nxd4+ exd4 37. Kf2 Kd5 38. Ke2 Kc4 39. Kd2 g5 40. Kd1 f4 41. gxf4 gxf4 42. h4 h5 43. Kd2 Kb3 0-1

[Event "Arab-ch U18"]
[Site "Djerba"]
[Date "2016.07.24"]
[Round "3.5"]
[White "Aloulou, Mahmoud"]
[Black "Nassr, Ahmed"]
[Result "1/2-1/2"]
[WhiteElo "1694"]
[BlackElo "1973"]
[PlyCount "51"]
[EventDate "2016.07.23"]
[EventType "swiss"]
[EventRounds "9"]
[EventCountry "TUN"]
[SourceTitle "EXT 2024"]
[Source "ChessBase"]
[SourceDate "2023.10.10"]
[SourceVersion "1"]
[SourceVersionDate "2023.10.10"]
[SourceQuality "1"]

1. e4 c5 2. Nf3 e6 3. d4 cxd4 4. Nxd4 Nf6 5. Bd3 Nc6 6. Nxc6 bxc6 7. c4 e5 8. 0-0 Bc5 9. Nc3 d6 10. a3 a5 11. Rb1 0-0 12. b4 axb4 13. axb4 Bd4 14. Ne2 Bb6 15. Qc2 Qe7 16. Bg5 Be6 17. Ng3 h6 18. Bd2 Rfd8 19. Ra1 Rxa1 20. Rxa1 Ng4 21. Be1 Qh4 22. Nf1 Bd4 23. Ra6 Rc8 24. h3 Nf6 25. Nh2 Qh5 26. Nf3 1/2-1/2

[Event "Algiers op 4th"]
[Site "Algiers"]
[Date "2016.02.21"]
[Round "1"]
[White "Nassr, Ahmed"]
[Black "Tiviakov, Sergei"]
[Result "0-1"]
[WhiteElo "1939"]
[BlackElo "2613"]
[PlyCount "83"]
[EventDate "2016.02.21"]
[EventType "swiss"]
[EventRounds "9"]
[EventCountry "ALG"]
[SourceTitle "CBM 171 Extra"]
[Source "ChessBase"]
[SourceDate "2016.04.26"]
[SourceVersion "1"]
[SourceVersionDate "2016.04.26"]
[SourceQuality "1"]

1. d4 Nf6 2. Nf3 e6 3. Bf4 b6 4. e3 Bb7 5. Nbd2 d6 6. h3 Nbd7 7. Be2 g6 8. 0-0 Bg7 9. c4 0-0 10. Rc1 Qe7 11. Bh2 c5 12. Nb1 Rfd8 13. Nc3 d5 14. cxd5 Nxd5 15. Qb3 cxd4 16. exd4 Bh6 17. Rcd1 Nf4 18. Bxf4 Bxf4 19. Rfe1 Bd6 20. a3 Rac8 21. Nd2 Bf4 22. Nde4 Nf8 23. Bc4 Qc7 24. Bf1 f5 25. Ng3 Bxg3 26. fxg3 Qxg3 27. Qa4 a6 28. Re5 b5 29. Qb4 Rc4 30. Qe7 Rcxd4 31. Rxd4 Rxd4 32. Rxe6 Rd7 33. Re3 Rxe7 34. Rxg3 Ne6 35. Rd3 Kf7 36. b4 Rc7 37. Nd5 Rc1 38. Nb6 Bc6 39. Nd7 Bxg2 40. Kxg2 Nf4+ 41. Kf2 Nxd3+ 42. Bxd3 0-1

[Event "ALG-ch"]
[Site "Algiers"]
[Date "2016.01.17"]
[Round "2"]
[White "Nassr, Ahmed"]
[Black "Gueroui, Nacereddine"]
[Result "0-1"]
[WhiteElo "2047"]
[BlackElo "2064"]
[PlyCount "220"]
[EventDate "2016.01.16"]
[EventType "swiss"]
[EventRounds "9"]
[EventCountry "ALG"]
[SourceTitle "CBM 170 Extra"]
[Source "ChessBase"]
[SourceDate "2016.02.25"]
[SourceVersion "1"]
[SourceVersionDate "2016.02.25"]
[SourceQuality "1"]

1. d4 Nf6 2. Bf4 c5 3. e3 e6 4. c3 Nc6 5. Nf3 d5 6. Nbd2 Bd6 7. Bg3 0-0 8. Be2 Qe7 9. Bxd6 Qxd6 10. 0-0 e5 11. dxe5 Nxe5 12. Nxe5 Qxe5 13. Nf3 Qc7 14. Qc2 h6 15. Rfd1 Be6 16. Rac1 Rad8 17. Qa4 Bd7 18. Qa3 b6 19. Qa6 Rfe8 20. Qd3 Ne4 21. Qb1 Bf5 22. Bd3 Qe7 23. Qc2 Rd6 24. c4 dxc4 25. Bxe4 Bxe4 26. Qxc4 Bxf3 27. Rxd6 Qxd6 28. gxf3 Qd2 29. Rb1 Re6 30. Kf1 Qd6 31. h4 Qc6 32. Ke2 b5 33. Qf4 Qa6 34. Qb8+ Kh7 35. f4 b4+ 36. Kf3 Qd3 37. Rc1 Qd5+ 38. Ke2 a5 39. Qb5 Qh5+ 40. Kf1 Qxh4 41. Qxc5 Qh3+ 42. Ke2 Qg4+ 43. Kf1 Ra6 44. Qc8 Re6 45. Qc5 Ra6 46. Qc8 Qg6 47. Qc2 Qxc2 48. Rxc2 Kg6 49. Rc5 Kf6 50. Ke2 Ke6 51. Re5+ Kd6 52. Rf5 Ra7 53. Rh5 Rc7 54. Rxa5 Rc2+ 55. Kf3 Rxb2 56. Ra7 Ke6 57. f5+ Kxf5 58. Rxf7+ Kg6 59. Rf4 h5 60. Kg3 Kh6 61. Rc4 g6 62. Rd4 Kg7 63. Rd7+ Kf6 64. Rb7 Kg5 65. Rb5+ Kh6 66. Rb7 Kg5 67. Rb5+ Kf6 68. Rb6+ Kg7 69. Rb5 Kh6 70. Rb7 h4+ 71. Kxh4 Rxa2 72. Rxb4 Rxf2 73. Kg3 Rf1 74. Rh4+ Kg7 75. Re4 g5 76. Kg2 Rf8 77. Kg3 Kg6 78. Re7 Rf1 79. Kg2 Ra1 80. Kg3 Rg1+ 81. Kf2 Rg4 82. Kf3 Ra4 83. Kg3 Kf6 84. Re8 Ra7 85. Rf8+ Kg7 86. Re8 Ra1 87. Re7+ Kg6 88. Re8 Rf1 89. Kg2 Rf6 90. Kg3 Kf5 91. Re7 Rf8 92. Ra7 Re8 93. Ra5+ Kg6 94. Ra3 Kh5 95. Kf3 Kh4 96. Ra4+ Kh3 97. Ra7 g4+ 98. Kf2 Rf8+ 99. Ke2 Kg2 100. Rg7 Rf2+ 101. Ke1 g3 102. e4 Rf4 103. Kd2 Rxe4 104. Kd3 Re1 105. Kd4 Kf2 106. Rf7+ Kg1 107. Rg7 g2 108. Kd3 Re8 109. Kd2 Rh8 110. Ke2 Kh1 0-1

[Event "Algiers Ameyar Memorial 13th"]
[Site "Algiers"]
[Date "2015.06.11"]
[Round "4"]
[White "Nassr, Ahmed"]
[Black "Bengherabi, Khalil"]
[Result "1-0"]
[WhiteElo "1972"]
[BlackElo "2201"]
[PlyCount "95"]
[EventDate "2015.06.09"]
[EventType "swiss"]
[EventRounds "9"]
[EventCountry "ALG"]
[SourceTitle "CBM 167 Extra"]
[Source "ChessBase"]
[SourceDate "2015.09.14"]
[SourceVersion "1"]
[SourceVersionDate "2015.09.14"]
[SourceQuality "1"]

1. d4 Nf6 2. Bf4 e6 3. e3 d5 4. Nf3 c5 5. c3 Nbd7 6. Nbd2 b6 7. h3 Bb7 8. Be2 Be7 9. 0-0 0-0 10. a4 a6 11. Ne5 Ne4 12. Nxd7 Qxd7 13. Nxe4 dxe4 14. dxc5 Qc6 15. cxb6 Qxb6 16. a5 Qc5 17. Qd4 Rac8 18. Rfd1 Rfd8 19. Qxc5 Rxc5 20. Rxd8+ Bxd8 21. Rd1 Rd5 22. Rxd5 exd5 23. b4 Bf6 24. c4 dxc4 25. Bxc4 Bc3 26. Bd6 g5 27. Bc5 h5 28. Be2 h4 29. Bc4 Be1 30. Kf1 Bd2 31. Ke2 Bc3 32. Kd1 Bc8 33. Bd5 g4 34. hxg4 Bxg4+ 35. Kc2 Be1 36. Bxe4 Bc8 37. f4 f5 38. Bd5+ Kg7 39. Kd1 Bc3 40. Bd4+ Bxd4 41. exd4 Kf6 42. Ke2 Ke7 43. Bc4 Kd6 44. Ke3 Bb7 45. d5 Bxd5 46. Bxd5 Kxd5 47. Kd3 Kd6 48. Kd4 1-0

[Event "Algiers Ameyar Memorial 13th"]
[Site "Algiers"]
[Date "2015.06.10"]
[Round "2"]
[White "Nassr, Ahmed"]
[Black "Mezioud, Amina"]
[Result "1-0"]
[WhiteElo "1972"]
[BlackElo "2091"]
[PlyCount "180"]
[EventDate "2015.06.09"]
[EventType "swiss"]
[EventRounds "9"]
[EventCountry "ALG"]
[SourceTitle "CBM 167 Extra"]
[Source "ChessBase"]
[SourceDate "2015.09.14"]
[SourceVersion "1"]
[SourceVersionDate "2015.09.14"]
[SourceQuality "1"]

1. d4 f5 2. Nf3 Nf6 3. Bf4 e6 4. e3 Be7 5. h3 b6 6. Bd3 Bb7 7. Nbd2 0-0 8. 0-0 d6 9. a3 Qe8 10. c4 Bd8 11. b4 Nbd7 12. Bh2 Qh5 13. Bf4 h6 14. Be2 Qf7 15. Rc1 g5 16. Bh2 g4 17. hxg4 Nxg4 18. Bg3 Be7 19. Nb3 Ndf6 20. Nfd2 Qg7 21. Bf3 Nxe3 22. fxe3 Qxg3 23. Bxb7 Ng4 24. Nf3 Rab8 25. Bc6 Nxe3 26. Qe2 f4 27. Nbd2 Kh8 28. Rf2 Rg8 29. Nf1 Nxf1 30. Rcxf1 Rg6 31. Be4 Rf6 32. Bd3 Rg8 33. Qe4 Rg7 34. Qa8+ Rf8 35. Qe4 Rf6 36. Qa8+ Rf8 37. Qe4 Rf6 38. Qe2 h5 39. Nd2 Qh4 40. Nf3 Qg3 41. Ne1 Qg5 42. Rf3 e5 43. Rh3 Rh6 44. d5 h4 45. Kh1 Qf6 46. Nf3 Qf8 47. Nd2 Qc8 48. Ne4 Kg8 49. Rg1 Rhg6 50. Qf2 Bd8 51. c5 dxc5 52. bxc5 Qd7 53. d6 bxc5 54. Bc4+ Kh8 55. Nxc5 Qxh3+ 56. gxh3 Rxg1+ 57. Qxg1 Rxg1+ 58. Kxg1 cxd6 59. Ne4 Be7 60. Bd5 Kg7 61. Kf2 Kf8 62. a4 Ke8 63. Kf3 Kd8 64. Kg4 Kc7 65. Kf5 Kd7 66. Nc3 Bd8 67. Nb5 Bb6 68. Na3 Bf2 69. Kf6 Be3 70. Kf7 Bd4 71. Nb5 Bc5 72. Nc3 Bb4 73. Ne4 Kc7 74. Ng5 Kb6 75. Ke6 Kc5 76. Nf3 a5 77. Nxh4 Kd4 78. Nf3+ Kc5 79. h4 Bc3 80. h5 Kb4 81. Be4 Kc5 82. h6 d5 83. Bxd5 e4 84. Bxe4 Bh8 85. Kf7 Kb4 86. Kg8 Bf6 87. Bc6 Kc5 88. Be8 Kd5 89. h7 Ke4 90. Bc6+ Kf5 1-0

[Event "Algiers Ameyar Memorial 13th"]
[Site "Algiers"]
[Date "2015.06.10"]
[Round "3"]
[White "Saim, Bachir"]
[Black "Nassr, Ahmed"]
[Result "1/2-1/2"]
[WhiteElo "1973"]
[BlackElo "1972"]
[PlyCount "50"]
[EventDate "2015.06.09"]
[EventType "swiss"]
[EventRounds "9"]
[EventCountry "ALG"]
[SourceTitle "CBM 167 Extra"]
[Source "ChessBase"]
[SourceDate "2015.09.14"]
[SourceVersion "1"]
[SourceVersionDate "2015.09.14"]
[SourceQuality "1"]

1. d4 d5 2. Nf3 Nf6 3. g3 Bf5 4. Bg2 e6 5. 0-0 Be7 6. b3 h6 7. Bb2 0-0 8. Nbd2 Nbd7 9. Rc1 a5 10. a4 c6 11. c4 Re8 12. Re1 Ne4 13. Nxe4 Bxe4 14. Nd2 Bxg2 15. Kxg2 c5 16. cxd5 exd5 17. dxc5 Nxc5 18. Ba3 Rc8 19. Bxc5 Bxc5 20. Nf3 Bb4 21. Rxc8 Qxc8 22. Rf1 Qe6 23. e3 Rc8 24. Qd4 Rc3 25. Rb1 b6 1/2-1/2

[Event "Algiers op 3rd"]
[Site "Algiers"]
[Date "2015.02.28"]
[Round "9"]
[White "Nassr, Ahmed"]
[Black "Fellah, Mohamed Amine"]
[Result "1-0"]
[WhiteElo "1985"]
[BlackElo "2027"]
[PlyCount "105"]
[EventDate "2015.02.22"]
[EventType "swiss"]
[EventRounds "9"]
[EventCountry "ALG"]
[SourceTitle "CBM 165 Extra"]
[Source "ChessBase"]
[SourceDate "2015.04.21"]
[SourceVersion "1"]
[SourceVersionDate "2015.04.21"]
[SourceQuality "1"]

1. d4 Nf6 2. Bf4 g6 3. Nf3 Bg7 4. e3 0-0 5. h3 d6 6. Be2 c5 7. c3 Qb6 8. Qb3 Be6 9. Qxb6 axb6 10. a3 c4 11. Nbd2 b5 12. e4 d5 13. e5 Ne8 14. 0-0 Nc7 15. Bh2 Bh6 16. Rfd1 Bf5 17. Ne1 Nc6 18. Nf1 Bc8 19. Nc2 Na5 20. Nce3 Nb3 21. Rab1 Rd8 22. Bf3 Be6 23. g4 Ra6 24. Bg2 Na8 25. f4 Nb6 26. h4 Bc8 27. f5 Bf8 28. Bf4 h6 29. Nd2 Nxd2 30. Rxd2 e6 31. Bh3 Na4 32. Rc2 Kh7 33. Rf1 Be7 34. Bg3 Rg8 35. Kh2 Bd7 36. f6 Bd8 37. g5 Bc6 38. gxh6 Ba5 39. Bf4 Nxb2 40. Bg5 Re8 41. h5 gxh5 42. Rg1 Raa8 43. Bf4 Rg8 44. Rg7+ Rxg7 45. hxg7 Nd3 46. Kg3 h4+ 47. Kg4 Bxc3 48. Rxc3 Nf2+ 49. Kxh4 b4 50. axb4 Ra2 51. Rc1 Ba4 52. Rg1 Kg8 53. Rg5 1-0

[Event "Algiers op 3rd"]
[Site "Algiers"]
[Date "2015.02.24"]
[Round "4"]
[White "Kadiri, Mustapha Kamel"]
[Black "Nassr, Ahmed"]
[Result "0-1"]
[WhiteElo "1930"]
[BlackElo "1985"]
[PlyCount "76"]
[EventDate "2015.02.22"]
[EventType "swiss"]
[EventRounds "9"]
[EventCountry "ALG"]
[SourceTitle "CBM 165 Extra"]
[Source "ChessBase"]
[SourceDate "2015.04.21"]
[SourceVersion "1"]
[SourceVersionDate "2015.04.21"]
[SourceQuality "1"]

1. d4 Nf6 2. c4 d6 3. Nc3 Nbd7 4. e4 e5 5. d5 g6 6. f3 Bg7 7. Be3 a5 8. Qd2 Nh5 9. Nge2 f5 10. exf5 gxf5 11. Bg5 Bf6 12. Bxf6 Ndxf6 13. 0-0-0 Rg8 14. Re1 Kf7 15. f4 b6 16. fxe5 dxe5 17. Kb1 f4 18. Nc1 e4 19. Ka1 Bf5 20. Nb3 c5 21. Be2 Re8 22. Qd1 Ng7 23. Rhf1 a4 24. Nc1 a3 25. Rxf4 Qd6 26. Ref1 axb2+ 27. Kxb2 b5 28. cxb5 c4 29. Bxc4 Rec8 30. Bb3 Qa3+ 31. Kc2 Rxc3+ 32. Kxc3 Rc8+ 33. Kd2 Qb2+ 34. Bc2 Rxc2+ 35. Qxc2 e3+ 36. Kxe3 Nxd5+ 37. Kf3 Qxc2 38. Rd4 Qc3+ 0-1